Oberglogauer Mariensäule 340 Jahre alt

Titel: Oberglogauer Mariensäule 340 Jahre alt
Verfasser:
In: Schlesische Geschichtsblätter, Band 37, Heft 1 (2010), Seite 11-12
alle Artikel anzeigen
Veröffentlicht: 2010
Format: Aufsatz
Sprache: Deutsch
Schlagworte:
Kein Bild verfügbar
X
alg: 39220167
001A    $01999:11-11-16 
001B    $03025:04-04-24 $t07:16:07.000 
001C    $06050:19-11-16 $t08:57:02.000 
001D    $01999:11-11-16 
001U    $0utf8 
001X    $00 
002@    $0Aox 
003@    $0392201674 
007A    $0392201674 $aHEB 
007T    $0Herdc0075244m 
010@    $ager 
011@    $a2010 
021A    $aOberglogauer Mariensäule 340 Jahre alt 
028A    $aPreisner $dJohannes 
031A    $d37 $e1 $h11-12 $j2010 
039B    $aIn $8--Abvc--. Schlesische Geschichtsblätter. - Karlstadt : Verein für Geschichte Schlesiens, 1908-. - ISSN 2190-4871 $x201000000370001989 $9047349034 
044K    $ROberglogau $#Oberglogau $75057306-8 $8Głogówek [Tg1] $9044719264 
045F    $a307.09438 $eDDC23BSB 
045F/01 $a307.09 
045F/03 $g438 
045F/03 $g4385 
045T    $a7,41 $a8,1 $a9,10 

lok: 39220167 78

exp: 39220167 78 1 #EPN
201B/01 $004-04-24 $t07:16:07.000 
201U/01 $0utf8 
203@/01 $0788297937 
208@/01 $a11-11-16 $be 
209A/01 $a/ $f000 $x00 
209S/01 $uhttps://www.vfgs.eu/index.php?cat=Publikationen%20ab%201971&file=Oberglogauer_Mariensaeule_340_Jahre_alt.pdf $XH 
220C/01 $aTitelaufnehmer: pg 
220C/01 $aHerkunft: HI Marburg 
244Z/01 $2Trx $#Silesia $#Śląsk $#Sliezsko $#Slezsko $8--Trx--Schlesien $x01 $9391173987 
244Z/01 $2Trx $#Poola $#Lenkija $#Polija $#Polen Land $#Poland $#Lengyelország $#Poľsko $#Polsko $8--Trx--Polska$gkraj $x02 $9391345966 
244Z/01 $#Oberglogau $75057306-8 $8--Tg1--Głogówek $x03 $9044719264 
244Z/01 $aGeschichte 1669-2010 $x04 
244Z/01 $#Johann Kasimir  II. $#Waza, Jan Kazimierz $#Johannes Kasimir  II. $#Johannes Casimir  II. $#Johann Casimir  II. $#Joannes Casimirus  II. $#Johannes Casimirus  II. $#Johannes Casimirus  II. $#Giovanni Casimiro  II. $#Jean Casimir  $#Johann  II. $#Wasa, Johann II. Kasimir $#Vaza, Jonas Kazimieras $#Jonas Kazimieras Vaza $#Jan Kazimierz  II. $7119389118 $8--Tp1--$PJan Kazimierz$nII.$lPolen, König$Z1609-1672 $x05 $9087728907 
244Z/01 $2Trx $#pühakute austamine $#šventųjų kultas $#adoration of saints $#szentté avatás $#kult świętych $#kult svätých $#kult svatých $8--Trx--Heiligenverehrung $x06 $9391383256 
244Z/01 $2Trx $#mälestusmärgid $#paminklai $#Monuments $#emlékművek $#pomniki $#pamätníky $#pomníky $#zabytki $#pomníky $#pomníky $8--Trx--Denkmäler $x07 $9391357808 
244Z/01 $2Trx $8--Trx--Zeitschriftenaufsatz $x08 $9391384341 
244Z/01 $#Electronic publications $#Publications électroniques $#Elektronische Publikation $#Computerdatei Formschlagwort $#Datei Formschlagwort $#Elektronisches Dokument $#Magnetband Formschlagwort $#Magnetbandkassette Formschlagwort $#Elektronische Ressource $#Digitale Publikation $74514269-5 $8--Ts1--Elektronische Publikation $x21 $9089274407 
245Z/01 $a13.03 $x01 
245Z/01 $a11.10 $x02 
247C/01 $82080>Marburg/Lahn, Herder-Institut, Forschungsbibliothek, Bibliographieportal $9336309341
LEADER 00000caa a22000002c 4500
001 392201674
003 DE-603
005 20240404071607.0
007 tu
008 161111s2010 xx |||| | u00||u|ger c
035 |a (DE-599)HEB392201674 
040 |a DE-603  |b ger  |c DE-603  |d DE-603 
041 |a ger 
082 0 4 |8 1\u  |a 307.09438  |q DE-101  |2 23/BSB 
084 |a 7,41  |a 8,1  |a 9,10  |2 ssgn 
085 |8 1\u  |b 307.09 
085 |8 1\u  |z 2  |s 438 
085 |8 1\u  |z 2  |s 4385 
100 1 |a Preisner, Johannes 
245 0 0 |a Oberglogauer Mariensäule 340 Jahre alt 
264 0 |c 2010 
651 7 |a Głogówek  |0 (DE-588)5057306-8  |0 (DE-603)044719264  |2 gnd 
773 0 8 |i In  |t Schlesische Geschichtsblätter  |d Karlstadt : Verein für Geschichte Schlesiens, 1908-  |h 24 cm  |x 2190-4871  |g Band 37, Heft 1 (2010), Seite 11-12  |w (DE-603)047349034  |w (DE-600)216898-4 
924 0 |9 2080  |a (DE-603)788297937  |b DE-2080  |c HES  |d d  |g /  |k https://www.vfgs.eu/index.php?cat=Publikationen%20ab%201971&file=Oberglogauer_Mariensaeule_340_Jahre_alt.pdf